Europe's dead centres (Record no. 83366)
[ view plain ]
| 000 -LEADER | |
|---|---|
| fixed length control field | 01117cab a22002055a 4500 |
| 001 - CONTROL NUMBER | |
| control field | L153770 |
| 008 - FIXED-LENGTH DATA ELEMENTS--GENERAL INFORMATION | |
| fixed length control field | 110830e20110826xxk 000 0 eng d |
| 035 ## - SYSTEM CONTROL NUMBER | |
| System control number | (Sirsi) u153770 |
| 041 0# - LANGUAGE CODE | |
| Language code of text/sound track or separate title | eng |
| 100 1# - MAIN ENTRY--PERSONAL NAME | |
| Personal name | Baker, Kat |
| 245 00 - TITLE STATEMENT | |
| Title | Europe's dead centres |
| 260 ## - PUBLICATION, DISTRIBUTION, ETC. | |
| Date of publication, distribution, etc. | 2011 |
| 490 #0 - SERIES STATEMENT | |
| Series statement | Property Week |
| Volume/sequential designation | 77(34) 26 August 2011, 30-32(3) |
| 520 ## - SUMMARY, ETC. | |
| Summary, etc. | Investigates European shopping centres from the Czech Republic to Spain which are languishing after the boom years of the mid 2000s. Centres across Europe are battling with 40% to more than 50% vacancies. Some of the worst cases of mall decline are in the Czech Republic, Romania and Spain. The market for distressed shopping centre assets remains limited as investors seek prime assets. However developers are eyeing opportunites in this sector in Turkey and Russia. Graphic covers Europe's shopping centre explosion from 2005 to 2012 projections. |
| 590 ## - LOCAL NOTE (RLIN) | |
| Local note | KA |
| 651 #4 - SUBJECT ADDED ENTRY--GEOGRAPHIC NAME | |
| Geographic name | Europe |
| 690 ## - LOCAL SUBJECT ADDED ENTRY--TOPICAL TERM (OCLC, RLIN) | |
| Topical term or geographic name as entry element | PROPERTY-COMMERCIAL PROPERTY-COMMERCIAL PROPERTY MARKET |
| 690 ## - LOCAL SUBJECT ADDED ENTRY--TOPICAL TERM (OCLC, RLIN) | |
| Topical term or geographic name as entry element | PROPERTY-COMMERCIAL PROPERTY-COMMERCIAL PROPERTY FINANCE AND INVESTMENT |
| 942 ## - ADDED ENTRY ELEMENTS (KOHA) | |
| Suppress in OPAC | 0 |
| Withdrawn status | Lost status | Source of classification or shelving scheme | Damaged status | Not for loan | Home library | Current library | Shelving location | Date acquired | Total Checkouts | Full call number | Barcode | Date last seen | Copy number | Price effective from | Koha item type |
|---|---|---|---|---|---|---|---|---|---|---|---|---|---|---|---|
| Dewey Decimal Classification | London | London | Journal article | 30/08/2011 | L153770 | 153770-1001 | 06/08/2019 | 1 | 06/08/2019 | Journal article |